00756 a2200193 450000100060000002000180000604000220002410000220004624000410006824500300010930000070013936200090014665000350015594200070019095201160019795201160031395201160042999900170054568044 a9783126749312 cAnchieta - Pituba aWolf, Nita Esther10aTaiyes Weg zum traumberufldeu / ger10aTaiyes Weg zum traumberuf a480 a2021 4aLiteratura juvenil em alemàƒo cBK 00104070a91.1b91.1d2023-11-21l0oLJ 028.543 W854t WOL TAIp23155/PITr2023-11-21 18:36:00w2023-11-21yBK 00104070a91.1b91.1d2023-11-21l0oLJ 028.543 W854t WOL TAIp23156/PITr2023-11-21 18:36:00w2023-11-21yBK 00104070a91.1b91.1d2023-11-21l0oLJ 028.543 W854t WOL TAIp23157/PITr2023-11-21 18:36:00w2023-11-21yBK c68044d68044